书目信息 |
| 题名: |
汉语动态范畴的历时发展研究
|
|
| 作者: | 杜道流, 著 | |
| 分册: | ||
| 出版信息: | 北京 人民出版社 2019.12 |
|
| 页数: | 417页 | |
| 开本: | 24cm | |
| 丛书名: | ||
| 单 册: | ||
| 中图分类: | H1-09 | |
| 科图分类: | ||
| 主题词: | 汉语史--han yu shi--研究 | |
| 电子资源: | ||
| ISBN: | 978-7-01-021653-9 | |
| 000 | 01418nam0 2200277 450 | |
| 001 | CAL 0120202998403 | |
| 005 | 20230217093112.0 | |
| 010 | @a978-7-01-021653-9@dCNY72.00 | |
| 100 | @a20200519d2019 em y0chiy0120 ea | |
| 101 | 0 | @achi |
| 102 | @aCN@b110000 | |
| 105 | @ay a 000yy | |
| 106 | @ar | |
| 200 | 1 | @a汉语动态范畴的历时发展研究@Ahan yu dong tai fan chou de li shi fa zhan yan jiu@d= A study on diachronic development of Chinese dynamic categories@f杜道流著@zeng |
| 210 | @a北京@c人民出版社@d2019.12 | |
| 215 | @a417页@d24cm | |
| 300 | @a本书为国家社科基金后期资助项目 (项目号: 14FYY024) 成果 | |
| 314 | @a杜道流, 文学博士, 淮北师范大学语言研究生省级教学团队等职。 | |
| 320 | @a有书目 (第401-417页) | |
| 330 | @a本书主体部分共分六章, 具体内容如下: 第一章主要从理论来源及其发展, 近代汉语动态范畴及动态助词研究、现代汉语动态范畴及动态助词研究三个方面对学界关于汉语动态范畴的研究进行概括和评述。第二章至第五章分别对《敦煌变文》《朱子语类》《元刊杂剧三十种》《老乞大》等著作中动态标记的语法化状况进行了较为全面的描写和分析。第六章从历时角度对汉语发展过程中出现的“已然”“发生”“先时”“持续”“经历”五个主要动态范畴进行了详细的梳理。 | |
| 510 | 1 | @aStudy on diachronic development of Chinese dynamic categories@zeng |
| 606 | 0 | @a汉语史@Ahan yu shi@x研究 |
| 690 | @aH1-09@v5 | |
| 701 | 0 | @a杜道流,@Adu dao liu@f1966-@4著 |
| 801 | 0 | @aCN@bBJXHZP@c20230228 |
| 905 | @b1380115-8@dH1-09@e196@f4 | |
| 汉语动态范畴的历时发展研究= A study on diachronic development of Chinese dynamic categories/杜道流著.-北京:人民出版社,2019.12 |
| 417页;24cm |
| 本书为国家社科基金后期资助项目 (项目号: 14FYY024) 成果 |
| ISBN 978-7-01-021653-9:CNY72.00 |
| 本书主体部分共分六章, 具体内容如下: 第一章主要从理论来源及其发展, 近代汉语动态范畴及动态助词研究、现代汉语动态范畴及动态助词研究三个方面对学界关于汉语动态范畴的研究进行概括和评述。第二章至第五章分别对《敦煌变文》《朱子语类》《元刊杂剧三十种》《老乞大》等著作中动态标记的语法化状况进行了较为全面的描写和分析。第六章从历时角度对汉语发展过程中出现的“已然”“发生”“先时”“持续”“经历”五个主要动态范畴进行了详细的梳理。 |
| ● |
| 相关链接 |
|
|
|
|
正题名:汉语动态范畴的历时发展研究
索取号:H1-09/196
 
预约/预借
| 序号 | 登录号 | 条形码 | 馆藏地/架位号 | 状态 | 备注 |
| 1 | 1380115 | 213801153 | 第二样本阅览室/ [索取号:H1-09/196] | 在馆 | |
| 2 | 1380116 | 213801162 | 第四借阅区/ [索取号:H1-09/196] | 在馆 | |
| 3 | 1380117 | 213801171 | 第四借阅区/ [索取号:H1-09/196] | 在馆 | |
| 4 | 1380118 | 213801180 | 第四借阅区/ [索取号:H1-09/196] | 在馆 |